00525 2200193 4500001002100000005001500021035002000036007000300056008004100059020001800100082001000118084001600128100002700144245005700171260003400228300003400262650002100296990001400317INLIS00000000000260520250806102922 a0010-0825000106ta250806 g 0 ind  a979-526-184-3 a659.3 a659.3 SIN r0 aSinambela Poltak Lijan1 aReformasi Pelayanan Publik /cLijan Poltak Sinambela aJakarta :bBumi Aksara,c2006 av.169 hlm :bilus. ;c22,2 cm 4aPelayanan Publik aBUN025878